Japan machine tool : Asahi evening news international 1974

Tallennettuna:
Bibliografiset tiedot
Yhteisötekijä: Japan Machine Tool Trade Association
Aineistotyyppi: Kirja
Kieli:Undetermined
Julkaistu: Tokyo Japan Machine Tool Trade Association 1974
Aiheet:
Tagit: Lisää tagi
Ei tageja, Lisää ensimmäinen tagi!
Thư viện lưu trữ: Trung tâm Học liệu Trường Đại học Cần Thơ
LEADER 00599nam a2200205Ia 4500
001 CTU_96440
008 210402s9999 xx 000 0 und d
082 |a 330.09 
082 |b J35 
110 |a Japan Machine Tool Trade Association 
245 0 |a Japan machine tool : 
245 0 |b Asahi evening news international 1974 
245 0 |c Japan Machine Tool Trade Association 
260 |a Tokyo 
260 |b Japan Machine Tool Trade Association 
260 |c 1974 
650 |a Machinery industry 
650 |z Japan 
904 |i Giang 
980 |a Trung tâm Học liệu Trường Đại học Cần Thơ